000 00731nam a2200265Ia 4500
005 20260302115648.0
008 008 260114s9999 xx 000 0 eng d
020 _a9798216013952
037 _aTextbook
040 _aCRL
040 _beng
040 _cCRL
041 _2eng
041 _aeng
084 _qCRL
100 _aVictor L. Cahn
_91122237
245 0 _aShakespeare the Playwright A Companion to the Complete Tragedies, Histories, Comedies, and Romances
260 _bBloomsbury
260 _bGreenwood
260 _c1991
650 _aLiterary Studies
856 _uhttps://doi.org/10.5040/9798216013952?locatt=label:secondary_bloomsburyCollections
942 _cEBOOK
999 _c1687034
_d1687034